000 00398nam a2200145 a 4500
001 000046265
003 DO-SdBNP
005 20221101100809.0
008 150713s2008 000 spa d
040 _aDO-SdBNP
_bspa
_cBNPHU
245 0 _aBruno Rosario Candelier
260 _aSanto Domingo :
_bSecretaría de Estado de Cultura,
_c2008.
300 _a15 p. :
_bil. : ;
_c21 cm.
942 _2ddc
_cLBS1
999 _c45754
_d45754